000
00340nam a2200133Ia 4500
008
231129s9999||||xx |||||||||||||| ||spa||
020
_a
84-7093-14-7
040
_b
spa
082
_a
R 549.022 F677
100
_a
Font-Altaba M.
245
0
_a
Atlas de mineralogia
264
_a
Jover
942
_2
ddc
_c
BKS
999
_c
5815
_d
5815